| 000 | 01328cam a22003373a 4500 | ||
|---|---|---|---|
| 001 | 13778602 | ||
| 003 | Nust- CAS-E | ||
| 005 | 20180118181359.0 | ||
| 008 | 041110s2005 enka b 000 0 eng c | ||
| 010 | _a 2004116358 | ||
| 020 | _a1853128406 | ||
| 024 | 8 | _a99809329078 | |
| 035 | _a(CStRLIN)PAUGV3943289-B | ||
| 035 | _a(PU)3943289 | ||
| 040 |
_aINU _cINU _dUNA _dLHL _dDLC |
||
| 050 | 0 | 0 | _aMLCM 2006/40134 (T) |
| 082 |
_a621.312 _bTRA 2005 |
||
| 245 | 0 | 0 |
_aTransport phenomena in fuel cells / _ceditors, B. Sundén, M. Faghri. |
| 260 |
_aSouthampton ; _aBoston : _bWIT Press, _cc2005. |
||
| 300 |
_a358 p. : _bill. ; _c24 cm. |
||
| 440 | 0 |
_aInternational series on developments in heat transfer ; _vv. 19 |
|
| 504 | _aIncludes bibliographical references. | ||
| 650 | 0 | _aFuel cells. | |
| 650 | 0 | _aTransport theory. | |
| 700 | 1 | _aSundén, Bengt | |
| 700 | 1 | _aFaghri, Mohammad | |
| 906 |
_a7 _bcbc _cpccadap _d2 _eepcn _f20 _gy-gencatlg |
||
| 942 |
_2ddc _cBK |
||
| 999 |
_c355364 _d355364 |
||